[Event "North American-ch UNN"]
[Site "Dulles"]
[Date "2024.12.22"]
[Round "8"]
[White "Zhang, Oscar Y"]
[Black "Kola, Venkat Karthikeya R"]
[Result "1-0"]
[WhiteElo "1834"]
[BlackElo "1832"]
[PlyCount "117"]
[EventDate "2024.12.18"]
[EventType "swiss"]
[EventRounds "9"]
[EventCountry "USA"]
[SourceTitle "CB02_2025"]
[SourceDate "2025.01.08"]
[SourceVersion "1"]
[SourceVersionDate "2025.01.08"]
[SourceQuality "1"]

1. e4 c5 2. Nf3 d6 3. d4 cxd4 4. Nxd4 Nf6 5. Nc3 a6 6. Bg5 e6 7. f4 Be7 8. Qf3 Qc7 9. 0-0-0 Nbd7 10. g4 b5 11. Bxf6 Nxf6 12. g5 Nd7 13. f5 0-0 14. Rg1 b4 15. Nce2 e5 16. f6 exd4 17. fxe7 Re8 18. Nxd4 Ne5 19. Qf2 Qxe7 20. h4 a5 21. Bb5 Rd8 22. h5 g6 23. hxg6 fxg6 24. Qh4 a4 25. Bc6 Bb7 26. Bd5+ Bxd5 27. exd5 b3 28. cxb3 axb3 29. a3 Ra4 30. Qh3 Qf7 31. Qe6 Qxe6 32. dxe6 Re8 33. Rg3 Rc4+ 34. Kb1 Nc6 35. Nxc6 Rxc6 36. Rxb3 Rxe6 37. Rb7 Rc5 38. Rh1 Rxg5 39. Rhxh7 d5 40. Rhd7 Re8 41. a4 Rg4 42. a5 Ra4 43. Rxd5 Ra8 44. b4 Kf8 45. Rdd7 g5 46. Rh7 Kg8 47. Rhg7+ Kh8 48. Rxg5 Rf8 49. Rc5 Ra3 50. Kb2 Rh3 51. Rc3 Rh2+ 52. Kb3 Rh1 53. Ka4 Ra1+ 54. Kb5 Ra8 55. Rcc7 Kg8 56. Rg7+ Kh8 57. Rh7+ Kg8 58. Rbg7+ Kf8 59. Rh8+ 1-0

[Event "Wch U08"]
[Site "Sharm El Sheikh"]
[Date "2023.10.20"]
[Round "5"]
[White "Kola, Venkat Karthikeya R"]
[Black "Apostu, Rares Stefan"]
[Result "0-1"]
[WhiteElo "1498"]
[BlackElo "1355"]
[PlyCount "126"]
[EventDate "2023.10.16"]
[EventType "swiss"]
[EventRounds "11"]
[EventCountry "EGY"]
[SourceTitle "EXT 2025"]
[Source "ChessBase"]
[SourceDate "2024.10.14"]
[SourceVersion "1"]
[SourceVersionDate "2024.10.14"]
[SourceQuality "1"]

1. e4 e5 2. Nf3 Nc6 3. Bb5 a6 4. Ba4 Nf6 5. 0-0 b5 6. Bb3 Be7 7. Qe2 0-0 8. c3 d6 9. h3 h6 10. d4 Re8 11. d5 Na5 12. Bc2 Bb7 13. Nbd2 Bc8 14. b4 Nb7 15. a4 Bd7 16. Rd1 Nh5 17. Nf1 Nf6 18. Ng3 Qc8 19. Kh2 c6 20. axb5 cxb5 21. Qd3 a5 22. Be3 a4 23. Ra3 Bd8 24. Nh4 Ra6 25. Ngf5 Kh7 26. Bc1 g5 27. Qg3 Rg8 28. Qe3 Bb6 29. Qd2 Qc4 30. Ne3 Qc8 31. Nhf5 Bxe3 32. Nxe3 Rg6 33. Qe2 g4 34. Nf5 Qe8 35. g3 gxh3 36. Kxh3 Qc8 37. Kg2 Qe8 38. Rh1 Ng8 39. Qh5 Qf8 40. Be3 Ra8 41. Rh2 Nf6 42. Qh4 Ng4 43. Rh1 Nxe3+ 44. fxe3 f6 45. Rh2 Bxf5 46. exf5 Rg5 47. Bd3 Qg7 48. Kf2 Rg8 49. Rg2 Rg4 50. Qh3 Qg5 51. Be2 Qxf5+ 52. Kg1 Qb1+ 53. Kh2 R4g7 54. Bxb5 Qe4 55. Bxa4 Qxe3 56. Bc2+ Kh8 57. c4 Qg5 58. Rf3 Nd8 59. Rf5 Qg4 60. Rxf6 Qxh3+ 61. Kxh3 Nf7 62. c5 Rg5 63. Rxf7 Rh5# 0-1

[Event "Wch U08"]
[Site "Sharm El Sheikh"]
[Date "2023.10.18"]
[Round "3"]
[White "Kola, Venkat Karthikeya R"]
[Black "Nabiyev, Iman"]
[Result "1/2-1/2"]
[WhiteElo "1498"]
[BlackElo "1245"]
[PlyCount "70"]
[EventDate "2023.10.16"]
[EventType "swiss"]
[EventRounds "11"]
[EventCountry "EGY"]
[SourceTitle "EXT 2025"]
[Source "ChessBase"]
[SourceDate "2024.10.14"]
[SourceVersion "1"]
[SourceVersionDate "2024.10.14"]
[SourceQuality "1"]

1. e4 c5 2. d4 cxd4 3. c3 dxc3 4. Nxc3 Nc6 5. Bc4 e6 6. Nf3 a6 7. 0-0 Nge7 8. Bf4 Ng6 9. Bg3 Be7 10. a4 0-0 11. e5 b6 12. Ne4 Bb7 13. Nd6 Bxd6 14. exd6 Qf6 15. Qe2 Nd4 16. Nxd4 Qxd4 17. Rfd1 Qe4 18. Qxe4 Bxe4 19. Rac1 Rfc8 20. Bf1 Bb7 21. Rc7 Rxc7 22. dxc7 d5 23. Bd6 Nf8 24. a5 b5 25. f4 f5 26. Rc1 Kf7 27. Re1 Rc8 28. Bd3 g6 29. Re3 h5 30. Rg3 Nh7 31. Bb1 Nf6 32. Rc3 Ng8 33. Kf2 Nf6 34. Ke3 Nd7 35. Kd4 Kg7 1/2-1/2